00621nam a22001937a 450000500170000001000320001702000260004903500170007503500130009203700310010503700130013608200100014910000210015924501090018025000120028926000340030127000580033530000340039320160901165330.0 a B-599070-086 ENG-115629 a9788126555482c799.00 aB-599070-086 aEN-99161 bAsian Book Center/Venadpl bDBAD/PUB a006.7 aPlumley, George 00aWord Press 24-hour Trainer:cby George, PlumleybComplete learning package with online video tutorials/ a3rd ed. aNew DelhibWiley India c2015 a4435-36/7,Ansari Road, Darya Ganj,bNew Delhie110002 axxxii 423p.:c24cm(pbk)bill.